MDQL
is popping MORE tags! Check the
thread
!
Quizzes
Events
Quiz Creation
Community
Videos
Private Events
Remove Ads
Sign In
Join for FREE
Feedback
Dark Mode
Quiz Categories
Sports
Geography
Music
Movies
Television
Just For Fun
Miscellaneous
History
Literature
Language
Science
Gaming
Entertainment
Religion
Holiday
For Kids
Quiz Lab
Recent
Popular Today
Quiz Kudos Today
Editor Picks
Curator Picks
Quizzes by...
Day
Popularity
Type
Ratings
Length
Year
Community
Subscriptions
Recent Discussions
Orange Saloon
Badges
Playlists
Quests
Create
Leaderboards
Showdown
Live 5
Trivia Bingo
Activity
Puzzle Library
Sporcle Events
Private Events
Virtual Trivia
Globe League
Become a Host
Pub Owners
SporcleCon
Opinionation
Our Games
Videos
Blog
Mobile Apps
Partnerships
Remove Ads and Go Orange
Feedback
Sports
Athletes
MLB
NBA
NHL
NFL
Soccer
Sports Teams
WWE
NCAA
Football
Premier League
Basketball
Baseball
Hockey
Golf
Tennis
Cricket
Rugby
Auto Racing
Olympics
World Cup
Sports
Athletes
MLB
NBA
NHL
NFL
Soccer
Sports Teams
WWE
NCAA
Football
Premier League
Basketball
Baseball
Hockey
Golf
Tennis
Cricket
Rugby
Auto Racing
Olympics
World Cup
Random Quiz
Search Sporcle
×
Quiz Lab
Quiz Lab
Sports
Basketball
Type in answers that appear in a list
Type in answers that appear in a list
Classic
Best Score? Go Orange.
Long Lasting NBA Players Stats
Can you name the players with at least 1000 games in the NBA?
By
Rom
10m
126 Questions
152 Plays
152 Plays
152 Plays
Comments
Comments
Give Quiz Kudos
Give Quiz Kudos
-
- Ratings
hide this ad
More Info
Replay
Link that replays current quiz
Next Quiz
Link to next quiz in quiz playlist
You Got
0%
They Got
Avg Score
40%
Avg Friend Score
Upgrade to see
Score Distribution
Jump to the score distribution portion of the page
Score
0/126
Timer
10:00
0
Plays Today
Games
% Correct
1072
Michael Jordan
92.8%
1094
LeBron James
92.3%
1476
Karl Malone
92.1%
1207
Shaquille O'Neal
92.1%
1329
Moses Malone
91.4%
1199
Eddie Johnson
90.1%
1100
Dennis Johnson
90.1%
1054
Avery Johnson
90.1%
1560
Kareem Abdul-Jabbar
88.8%
1178
Scottie Pippen
88.2%
1346
Kobe Bryant
88.2%
1611
Robert Parish
84.2%
1504
John Stockton
83.6%
1462
Kevin Garnett
83.6%
1392
Tim Duncan
81.6%
1380
Clifford Robinson
80.9%
1238
Hakeem Olajuwon
78.3%
1090
Mark West
77%
1428
Dirk Nowitzki
76.9%
1367
Vince Carter
76.9%
1304
Andre Miller
76.9%
1234
Joe Johnson
76.9%
1032
Mike Miller
76.9%
1183
Patrick Ewing
75.7%
1045
Wilt Chamberlain
75.7%
1389
Reggie Miller
75%
1300
Ray Allen
74.3%
1391
Jason Kidd
73%
1068
Caldwell Jones
73%
1217
Steve Nash
72.4%
1030
Joe Smith
72.4%
1369
Jason Terry
69.2%
1343
Paul Pierce
69.2%
1043
Chauncey Billups
69.2%
1011
Jermaine O'Neal
69.2%
1335
Gary Payton
69.1%
1073
Charles Barkley
69.1%
1109
Rasheed Wallace
66.4%
1088
Ben Wallace
66.4%
1307
Buck Williams
65.1%
1278
A.C. Green
65.1%
1102
Herb Williams
65.1%
Games
% Correct
1057
Johnny Green
65.1%
1270
John Havlicek
64.5%
1040
Oscar Robertson
63.8%
1094
Dale Davis
63.2%
1296
Mark Jackson
63.2%
1033
Walter Davis
63.2%
1074
Dominique Wilkins
61.8%
1154
Tony Parker
61.5%
1020
Manu Ginobili
61.5%
1008
Carmelo Anthony
61.5%
1424
Kevin Willis
60.5%
1018
Joe Dumars
60.5%
1089
P.J. Brown
58.6%
1208
Juwan Howard
57.9%
1086
Clyde Drexler
57.9%
1196
Dikembe Mutombo
57.2%
1303
Elvin Hayes
56.6%
1163
Shawn Marion
53.8%
1058
Elton Brand
53.8%
1026
Grant Hill
53.8%
1107
Robert Horry
52.6%
1193
Alex English
52%
1282
Charles Oakley
50.7%
1165
Horace Grant
50.7%
1287
Derek Fisher
48%
1000
Glen Rice
48%
1077
Lenny Wilkens
47.4%
1051
Shawn Kemp
46.7%
1032
Chet Walker
46.7%
1215
Jamal Crawford
46.2%
1151
Pau Gasol
46.2%
1086
Zach Randolph
46.2%
1073
Byron Scott
46.1%
1077
Jeff Hornacek
44.1%
1009
Ron Harper
42.8%
1199
Derek Harper
42.1%
1134
Vlade Divac
42.1%
1068
Bill Laimbeer
42.1%
1209
Dale Ellis
41.4%
1138
Danny Schayes
41.4%
1048
Leroy Ellis
41.4%
1274
Terry Porter
39.5%
Games
% Correct
1103
Michael Finley
39.5%
1286
Sam Perkins
38.8%
1136
Detlef Schrempf
38.8%
1110
Kurt Thomas
38.8%
1169
Richard Jefferson
38.5%
1083
Antawn Jamison
38.5%
1049
Rashard Lewis
38.5%
1017
Tayshaun Prince
38.5%
1107
Tom Chambers
36.2%
1101
Maurice Cheeks
35.5%
1257
Otis Thorpe
34.9%
1043
Walt Bellamy
31.6%
1094
Rod Strickland
30.9%
1042
Danny Ainge
30.9%
1064
Kyle Korver
30.8%
1122
Hal Greer
28.9%
1083
Dell Curry
28.9%
1002
Calvin Murphy
28.3%
1183
Terry Cummings
27.6%
1107
Jack Sikma
27%
1031
Gail Goodrich
22.4%
1026
Reggie Theus
22.4%
1254
Paul Silas
21.1%
1168
James Edwards
21.1%
1003
Grant Long
21.1%
1156
Tree Rollins
20.4%
1153
Jerome Kersey
17.8%
1004
Andre Iguodala
15.4%
1001
Mike Bibby
15.4%
1053
Don Nelson
15.1%
1044
Elden Campbell
15.1%
1058
Olden Polynice
12.5%
1117
Rick Mahorn
11.8%
1140
Michael Cage
9.9%
1058
Tyson Chandler
7.7%
1015
Antonio McDyess
7.7%
1002
Sam Lacey
7.2%
1001
Stacey Augmon
5.9%
1159
Johnny Newman
5.3%
1065
Tyrone Corbin
2%
1064
Boris Diaw
0%
1005
Nazr Mohammed
0%
Quiz Playlist
Details
Report
Send in Message
Add To Playlist
More Info:
Updated Dec. 24, 2017.
Classic:
Type in answers that appear in a list
Quiz Source
Last Updated: Dec 25, 2017
Quiz Scoreboard
CHALLENGE
Sign Up to Join the Scoreboard
Show All
Scores
Hide
Comments
May contain spoilers
Recently Published
1-10 Letter E Words III
by El_Dandy
Language
2m
Street Fighter Characters
by Artimus82
Gaming
60s
College Basketball Coaching Resumes
by pancakes188
Sports
9m
More to Explore
Quiz From the Vault
Featured Blog Post
Where Did the Easter Bunny Come From?
hide this ad
You Might Also Like...
Tags
Basketball Quiz
Board Games Quiz
NBA Quiz
1000
Lasting
least
long
NBA Player
Player
Today's Top Quizzes in Sports
Browse Sports
hide this ad
Today's Top Quizzes in Basketball
Browse Basketball
Top Contributed Quizzes in Sports
1
2022 World Cup Stars
2
Les meilleurs buteurs des matchs entre le PSG et l’OM
3
FIFA Club World Cup Champions
4
Les entraîneurs de l'OM et du PSG au 21e siècle
5
Criteria MLB: Left Handed Sluggers
6
2023 MLB Unique Player Accomplishments
7
AFC Teams Reveal (Wrong Answers Minefield)
8
Players with Multiple 50 Home Run Seasons
9
5-to-1: FBS Animal Nicknames
10
5-to-1: UK Sports Teams
Explore More
Trending Topics
Marvel
Kpop
Crossword
Anime
Harry Potter
NBA
Disney
Country
The Office
Puzzle
Pokémon
WWE
Soccer
NFL
Song
hide this ad
More By:
Rom
Quiz
Plays
Rating
Category
Featured
Created
Countries with Most French Speakers
101,983
4.11
Geography
Aug 22, 2014
States in Sentences
40,284
4.41
Just For Fun
Sep 10, 2011
Asian Countries by Second Largest City
38,502
4.62
Geography
Mar 15, 2015
Who's Taller? (NBA-Style)
28,502
2.11
Sports
Apr 22, 2010
Car Crash Celebrities
20,979
3.65
Miscellaneous
Sep 25, 2011
Go to Creator's Profile
Score Distribution
Quiz Creator Spotlight
Rom
Follow
Send a Message
Quizzes Created
-
Created Quiz Play Count
-
More By This Creator
Popular Quizzes Today
1
Find the US States - No Outlines Minefield
2
Find the Countries of Europe - No Outlines Minefield
3
The Countries of the World
4
Find the US States
5
Risky Map Clicking: Biggest States A-Z
6
US States
7
Popular People in 1961
8
Movies - When Are They Set?
More Sports Quizzes
1982 European Champions - Aston Villa
Curator's Pick
Trending Quizzes
Risky Map Clicking: Least Populous States A-Z
1-10 Letter G Words
1-10 Letter F Words
Countries of the World: 200 Million BC
Risky Map Clicking: Next State Alphabetically
Recently Updated
Most Oscar Losses (Acting)
pecheneg
Beyoncé Albums
pecheneg
Leaping Animals
pecheneg
Reality TV Shows (A-Z)
bhenderson79
Rickey Henderson's Hall of Fame Teammates
pecheneg
Champions League XIs: Arsenal
pecheneg
Quick Pick: Celebrities in WWE's Hall of Fame
aduchscher
A-Z Keypad Blitz II
pecheneg
Multiple Oscar Actors
pecheneg
Mystery Phrase Blitz: Oscar 'Best Actors'
pecheneg
Trending Topics
NBA
Anime
Harry Potter
Kpop
Disney
Crossword
Marvel
Country
Song
Soccer
NFL
Pokémon
Puzzle
WWE
The Office
Your Account Isn't Verified!
In order to create a playlist on Sporcle, you need to verify the email address you used during registration. Go to your
Sporcle Settings
to finish the process.
Report this User
Report this user for behavior that violates our
Community Guidelines
.
Details:
Send Report
Go to the Sporcle.com Mobile Site →
Comments